[Event "TURNIEJ O PUCHAR UKS PALAC MLODZIEZY KATOWICE Z OKAZJI DNIA NIEPODLEGLOSCI"]
[Site "Centrum Kongresow i Rekreacji Orle Gniazdo ul. Wrzosowa 28a, Szczyrk"]
[Date "1899-12-30"]
[Round "9.44"]
[White "Obrochta, Lena"]
[Black "Surpeta, Julia"]
[Result "1-0"]
[WhiteTitle "II+"]
[BlackTitle "I"]
[WhiteElo "1147"]
[BlackElo "1349"]

1. e4 e5 2. Nf3 Nc6 3. Bc4 Nf6 4. d3 Bc5 5. Bb3 Na5 6. Nxe5 Nxb3 7. axb3 d6 8.
Nf3 Be6 9. Nc3 c6 10. Bg5 h6 11. Bh4 O-O 12. O-O d5 13. e5 d4 14. Ne4 Be7 15.
exf6 Bb4 16. fxg7 Qc7 17. gxf8=Q+ Rxf8 18. Nxd4 Bc8 19. c3 Be7 20. Bxe7 Qxe7 21.
Qf3 f5 22. Ng3 f4 23. Ne4 Qg7 24. Rxa7 Kh8 25. Ne2 Bg4 26. Rxb7 Qg6 27. Nxf4 Qg8
28. Qe3 Rf5 29. Qd4+ 1-0

[Event "TURNIEJ O PUCHAR UKS PALAC MLODZIEZY KATOWICE Z OKAZJI DNIA NIEPODLEGLOSCI"]
[Site "Centrum Kongresow i Rekreacji Orle Gniazdo ul. Wrzosowa 28a, Szczyrk"]
[Date "1899-12-30"]
[Round "9.45"]
[White "Byra, Aron"]
[Black "Piersiak, Krystian"]
[Result "0-1"]
[WhiteTitle "II"]
[BlackTitle "II"]
[WhiteElo "1135"]
[BlackElo "1348"]

1. b4 c6 2. Bb2 d5 3. e3 Qc7 4. Nf3 e6 5. a3 Nd7 6. c4 e5 7. cxd5 cxd5 8. Nc3 Ngf6
9. Rc1 Qd8 10. Bb5 Bd6 11. Bxd7+ Bxd7 12. Ne2 e4 13. Nfd4 O-O 14. Nc3 a6 15. O-O
b5 16. f4 Bg4 17. Qe1 h6 18. h3 Bh5 19. Nf5 Bg6 20. Nxd6 Qxd6 21. Ne2 Bh7 22.
Bxf6 Qxf6 23. Nd4 Qd6 24. Rc6 Qd7 25. Rc1 Rac8 26. Rxc8 Rxc8 27. Qg3 Rc4 28. Ne2
Qc7 29. Qf2 Rc2 30. Qe1 Qc4 31. g4 Qd3 32. Kf2 Qxd2 33. Qxd2 Rxd2 34. Rc1 g5 35.
f5 Kg7 36. Nd4 0-1

[Event "TURNIEJ O PUCHAR UKS PALAC MLODZIEZY KATOWICE Z OKAZJI DNIA NIEPODLEGLOSCI"]
[Site "Centrum Kongresow i Rekreacji Orle Gniazdo ul. Wrzosowa 28a, Szczyrk"]
[Date "1899-12-30"]
[Round "9.46"]
[White "Luka, Agnieszka"]
[Black "Franc, Piotr"]
[Result "0-1"]
[WhiteTitle "II"]
[BlackTitle "II"]
[WhiteElo "1344"]
[BlackElo "1126"]

1. d4 d5 2. c4 e6 3. cxd5 exd5 4. Nc3 Nf6 5. Bg5 Be7 6. e3 Nbd7 7. Nf3 O-O 8. Bd3
h6 9. Bf4 c5 10. dxc5 Nxc5 11. Nd4 Nxd3+ 12. Qxd3 Bd6 13. Bxd6 Qxd6 14. h3 Re8
15. O-O Ne4 16. Nxe4 dxe4 17. Qd2 Qg6 18. Kh1 Re5 19. Ne2 Rh5 20. Nf4 Qg5 21.
Nxh5 Qxh5 22. Qd1 Qh4 23. Kh2 Be6 24. Qd4 Rd8 25. Qc3 Rd5 26. Rad1 Rh5 27. Kg1
Bxh3 28. gxh3 Qxh3 0-1

[Event "TURNIEJ O PUCHAR UKS PALAC MLODZIEZY KATOWICE Z OKAZJI DNIA NIEPODLEGLOSCI"]
[Site "Centrum Kongresow i Rekreacji Orle Gniazdo ul. Wrzosowa 28a, Szczyrk"]
[Date "1899-12-30"]
[Round "9.47"]
[White "Skrzypczynski, Kacper"]
[Black "Kubaszewski, Piotr"]
[Result "1-0"]
[WhiteTitle "II"]
[BlackTitle "III"]
[WhiteElo "1340"]
[BlackElo "1044"]

1. e4 c5 2. Nf3 Nc6 3. Nc3 e6 4. d4 cxd4 5. Nxd4 Bc5 6. Nxc6 bxc6 7. Bd3 Nf6 8.
O-O O-O 9. Bg5 Be7 10. e5 Nd5 11. Bxe7 Nxe7 12. Qh5 Ng6 13. Bxg6 fxg6 14. Qe2
Qb6 15. b3 Ba6 16. Qd2 Bxf1 17. Rxf1 Rad8 18. Na4 Qb5 19. c4 Qxe5 20. Re1 Qf5
21. f3 d5 22. cxd5 Rxd5 23. Qf2 Rfd8 24. Nc3 Rd3 25. Ne4 Rd1 26. Qf1 Rxe1 27.
Qxe1 Qd5 28. Nc3 Qd4+ 29. Kf1 Qd3+ 30. Kg1 Qf5 31. Ne4 Rd4 32. Qe2 Rxe4 33. fxe4
Qc5+ 34. Kf1 Qc1+ 35. Qe1 Qxe1+ 36. Kxe1 Kf7 37. Ke2 Ke7 38. Ke3 Kd6 39. Kd4 e5+
40. Kc4 a5 41. b4 axb4 42. Kxb4 c5+ 43. Kc4 Kc6 44. a4 Kb6 45. a5+ Kxa5 46. Kxc5
1-0

[Event "TURNIEJ O PUCHAR UKS PALAC MLODZIEZY KATOWICE Z OKAZJI DNIA NIEPODLEGLOSCI"]
[Site "Centrum Kongresow i Rekreacji Orle Gniazdo ul. Wrzosowa 28a, Szczyrk"]
[Date "1899-12-30"]
[Round "9.48"]
[White "Stanik, Szymon"]
[Black "Mytych, Wiktoria"]
[Result "0-1"]
[WhiteTitle "III"]
[BlackTitle "I"]
[WhiteElo "1001"]
[BlackElo "1332"]

1. e4 c6 2. d4 d5 3. exd5 cxd5 4. Nc3 Nf6 5. Nf3 Bg4 6. Be2 e6 7. h3 Bh5 8. Bg5
Be7 9. O-O O-O 10. Ne5 Bxe2 11. Qxe2 Nc6 12. Nxc6 bxc6 13. f4 Qb6 14. Qd2 Qxb2
15. Rab1 Qa3 16. Rb3 Qd6 17. Bxf6 Bxf6 18. f5 c5 19. Nb5 Qc6 20. dxc5 Qxc5+ 21.
Kh1 e5 22. Rd1 d4 23. c3 dxc3 24. Nxc3 Rfd8 25. Qe2 Rxd1+ 26. Qxd1 h6 27. Ne4
Qc6 28. Rc3 Qxe4 0-1

[Event "TURNIEJ O PUCHAR UKS PALAC MLODZIEZY KATOWICE Z OKAZJI DNIA NIEPODLEGLOSCI"]
[Site "Centrum Kongresow i Rekreacji Orle Gniazdo ul. Wrzosowa 28a, Szczyrk"]
[Date "1899-12-30"]
[Round "9.49"]
[White "Matyszkiewicz, Wiktor"]
[Black "Guzik, Michal"]
[Result "1-0"]
[WhiteTitle "I"]
[BlackTitle "II"]
[WhiteElo "1589"]
[BlackElo "1298"]

1. e4 c5 2. Nf3 d6 3. d4 cxd4 4. Nxd4 Nc6 5. Nc3 Nf6 6. Bg5 g6 7. Bxf6 exf6 8.
Bb5 Bd7 9. Qd3 Bg7 10. O-O-O O-O 11. Nxc6 bxc6 12. Ba4 f5 13. Qxd6 Qg5+ 14. f4
Qxg2 15. Qxd7 fxe4 16. Qxc6 Qf3 17. Qxe4 Qh5 18. Qd5 Qg4 19. Bb3 Bh6 20. Kb1 Bg7
21. Rhg1 Qh4 22. f5 Kh8 23. Qe4 Qxe4 24. Nxe4 Rae8 25. Nd6 Re2 26. Nxf7+ Kg8 27.
fxg6 hxg6 28. Nd6+ Rxh2 1-0

[Event "TURNIEJ O PUCHAR UKS PALAC MLODZIEZY KATOWICE Z OKAZJI DNIA NIEPODLEGLOSCI"]
[Site "Centrum Kongresow i Rekreacji Orle Gniazdo ul. Wrzosowa 28a, Szczyrk"]
[Date "1899-12-30"]
[Round "9.50"]
[White "Lewicka, Natalia"]
[Black "Rainer, Piotr"]
[Result "1-0"]
[WhiteTitle "II"]
[BlackTitle "III"]
[WhiteElo "1389"]
[BlackElo "1198"]

1. e4 c5 2. Nf3 Nc6 3. Bb5 e6 4. Bxc6 bxc6 5. d4 cxd4 6. Qxd4 Ne7 7. O-O Ng6 8.
Bg5 f6 9. Be3 e5 10. Qd3 Be7 11. Nc3 O-O 12. Rfd1 d6 13. Qc4+ Kh8 14. Qxc6 Bd7
15. Qd5 Rc8 16. Bxa7 Bc6 17. Qd3 Nf4 18. Qd2 Ra8 19. Be3 Rb8 20. Bxf4 exf4 21.
b3 Qa5 22. Ne2 Qxd2 23. Nxd2 g5 24. Nd4 Rbc8 25. Nxc6 Rxc6 26. c4 f5 27. exf5
Rxf5 28. Nf3 Rf8 29. Rd2 Bf6 30. Rad1 Be7 31. h3 h5 32. Nd4 Ra6 33. Ne6 Rd8 34.
Nc7 Rc6 35. Nb5 Kg7 36. Rd5 Kf6 37. Nd4 Ra6 38. Rd2 Bf8 39. Nf5 Rc6 40. Nd4 Ra6
41. Nb5 Rb6 42. Nc3 Kg6 43. Ne4 Be7 44. Nc3 Kf6 45. R5d3 Kg6 46. Nd5 Rb7 47. Nxe7+
Rxe7 48. Rxd6+ Rxd6 49. Rxd6+ Kf7 50. Rd2 Ra7 51. Kf1 Re7 52. Re2 Ra7 53. Ke1
Rd7 54. Rd2 Re7+ 55. Kd1 Ra7 56. Kc2 Re7 57. a4 Re1 58. Rd1 Re2+ 59. Rd2 Re1 60.
f3 Ke6 61. Kd3 Re5 62. Re2 1-0

[Event "TURNIEJ O PUCHAR UKS PALAC MLODZIEZY KATOWICE Z OKAZJI DNIA NIEPODLEGLOSCI"]
[Site "Centrum Kongresow i Rekreacji Orle Gniazdo ul. Wrzosowa 28a, Szczyrk"]
[Date "1899-12-30"]
[Round "9.51"]
[White "Gazda, Dominik"]
[Black "Karys, Katarzyna"]
[Result "1-0"]
[WhiteTitle "II+"]
[BlackTitle "II"]
[WhiteElo "1294"]
[BlackElo "1102"]

1. e4 e5 2. Nf3 Nc6 3. Bb5 a6 4. Ba4 b5 5. Bb3 Nf6 6. O-O Bc5 7. d3 h6 8. c3 d6
9. h3 O-O 10. Nbd2 Be6 11. Bc2 Re8 12. Re1 d5 13. Nf1 dxe4 14. dxe4 Bc4 15. Ng3
g5 16. b3 Be6 17. Be3 Bxe3 18. Rxe3 g4 19. hxg4 Bxg4 20. Nf5 Kh7 21. Qxd8 Raxd8
22. N3h4 Nh5 23. f3 Bxf5 24. Nxf5 Ng3 25. Kh2 Nxf5 26. exf5 Rd2 27. Rc1 b4 28.
f4 bxc3 29. fxe5 Nb4 30. Rxc3 Nxa2 31. Rxc7 Nxc1 32. Be4 Rg8 33. Rxf7+ Rg7 34.
f6+ Kg8 35. Rxg7+ Kf8 36. e6 Re2 37. e7+ Ke8 38. Bc6# 1-0

[Event "TURNIEJ O PUCHAR UKS PALAC MLODZIEZY KATOWICE Z OKAZJI DNIA NIEPODLEGLOSCI"]
[Site "Centrum Kongresow i Rekreacji Orle Gniazdo ul. Wrzosowa 28a, Szczyrk"]
[Date "1899-12-30"]
[Round "9.52"]
[White "Tomkiewicz, Szymon"]
[Black "Jedras, Adrianna"]
[Result "0-1"]
[WhiteTitle "II"]
[BlackTitle "I"]
[WhiteElo "1276"]
[BlackElo "1101"]

1. c4 Nf6 2. Nc3 d5 3. b3 dxc4 4. bxc4 g6 5. g3 Bg7 6. d3 O-O 7. Bg2 c6 8. Nf3
Nbd7 9. O-O Nh5 10. Be3 Bxc3 11. Rb1 Bg7 12. Nd2 Nhf6 13. a4 Qc7 14. Bf4 e5 15.
Be3 Nb6 16. a5 Nbd7 17. Nb3 Rd8 18. Bd2 b6 19. e4 Nc5 20. Nxc5 bxc5 21. Qa4 Rxd3
22. Be3 Ng4 23. Bxc5 Nf6 24. Rbd1 Rxd1 25. Rxd1 Be6 26. Rd6 Rc8 27. Rd2 Nd7 28.
Bd6 Qb7 29. Qb4 Qxb4 30. Bxb4 c5 31. Ba3 Rb8 32. f4 Rb1+ 33. Kf2 exf4 34. gxf4
Bd4+ 35. Kg3 Bxc4 36. Bh3 Nf6 37. e5 Ne4+ 38. Kf3 Nxd2+ 39. Kg3 Rg1+ 40. Kh4 Bf2#
0-1

[Event "TURNIEJ O PUCHAR UKS PALAC MLODZIEZY KATOWICE Z OKAZJI DNIA NIEPODLEGLOSCI"]
[Site "Centrum Kongresow i Rekreacji Orle Gniazdo ul. Wrzosowa 28a, Szczyrk"]
[Date "1899-12-30"]
[Round "9.53"]
[White "Rosenfeld, Noe"]
[Black "Marcinkowski, Jan"]
[Result "1-0"]
[WhiteTitle "II"]
[BlackTitle "II"]
[WhiteElo "1243"]
[BlackElo "1155"]

1. e4 c6 2. d4 d5 3. exd5 cxd5 4. Nc3 Nf6 5. Nf3 Nc6 6. Be3 e6 7. Be2 Bd6 8. Qd2
Qc7 9. h3 O-O 10. g4 Ne4 11. Nxe4 dxe4 12. Ng5 f5 13. gxf5 exf5 14. d5 Ne5 15.
O-O-O h6 16. Ne6 Bxe6 17. dxe6 Qe7 18. Qxd6 Qxd6 19. Rxd6 Rac8 20. Bf4 Ng6 21.
Bg3 f4 22. Bh2 f3 23. Bb5 Ne7 24. Rd7 Nc6 25. Bxc6 bxc6 26. Bd6 Rfe8 27. Rg1 g5
28. Re7 Rxe7 29. Bxe7 Re8 30. Bc5 Rxe6 31. Bxa7 Re5 1-0

[Event "TURNIEJ O PUCHAR UKS PALAC MLODZIEZY KATOWICE Z OKAZJI DNIA NIEPODLEGLOSCI"]
[Site "Centrum Kongresow i Rekreacji Orle Gniazdo ul. Wrzosowa 28a, Szczyrk"]
[Date "1899-12-30"]
[Round "9.54"]
[White "Grodzicki, Piotr"]
[Black "Choina, Jan"]
[Result "1-0"]
[WhiteTitle "II"]
[BlackTitle "II"]
[WhiteElo "1199"]
[BlackElo "1238"]

1. e4 c5 2. Nc3 d6 3. f4 g6 4. Bc4 Bg7 5. Nf3 Nc6 6. d3 Bg4 7. Bxf7+ Kxf7 8. Ng5+
Ke8 9. Qxg4 Nf6 10. Qe2 Nd4 11. Qd1 h6 12. Nf3 Nc6 13. O-O Kf7 14. f5 g5 15. Bd2
Rf8 16. Re1 a6 17. e5 dxe5 18. Nxe5+ Nxe5 19. Rxe5 Ng4 20. Re2 Nf6 21. Qe1 Re8
22. Kh1 Bf8 23. Qf2 Qb6 24. Rb1 Rad8 25. a3 Qc6 26. b4 cxb4 27. Rxb4 a5 28. Rb1
Rd7 29. a4 Rc7 30. Qf3 Qxf3 31. gxf3 Rd8 32. Rc1 Nd5 33. Nxd5 Rxd5 34. f6 exf6
35. Kg2 Re7 36. Rce1 Rde5 37. Rxe5 Rxe5 38. Rxe5 fxe5 39. Bxa5 Ke6 40. Kf2 Kd5
41. Bb6 h5 42. c4+ Kc6 43. Be3 Be7 44. Ke2 g4 45. fxg4 hxg4 46. Kf2 Bh4+ 47. Kg2
Kd6 48. h3 gxh3+ 49. Kxh3 Bf6 50. Kg4 Ke6 51. a5 Bd8 52. Bd2 b6 53. a6 Kd6 54.
a7 Kc5 55. a8=Q Kd4 56. Kf3 Bc7 57. Qe4+ Kc5 58. Qd5# Kd4 1-0

[Event "TURNIEJ O PUCHAR UKS PALAC MLODZIEZY KATOWICE Z OKAZJI DNIA NIEPODLEGLOSCI"]
[Site "Centrum Kongresow i Rekreacji Orle Gniazdo ul. Wrzosowa 28a, Szczyrk"]
[Date "1899-12-30"]
[Round "9.56"]
[White "Dudek, Jan"]
[Black "Wasala, Wiktoria"]
[Result "0-1"]
[WhiteTitle "III"]
[BlackTitle "I"]
[WhiteElo "1106"]
[BlackElo "1271"]

1. e4 Nf6 2. Nc3 d5 3. e5 Ne4 4. Nxe4 dxe4 5. d4 Nc6 6. Ne2 Bg4 7. Be3 e6 8. g3
Bf3 9. Rg1 Be7 10. Bg2 Bxg2 11. Rxg2 f6 12. exf6 Bxf6 13. Qd2 O-O 14. Nf4 Re8
15. d5 Bxb2 16. Rb1 Ba3 17. Nxe6 Qe7 18. dxc6 Qxe6 19. cxb7 Qxa2 20. Rb3 Rad8
21. Qc3 Kh8 22. Qxc7 Qa1+ 23. Ke2 Qd1# 0-1

[Event "TURNIEJ O PUCHAR UKS PALAC MLODZIEZY KATOWICE Z OKAZJI DNIA NIEPODLEGLOSCI"]
[Site "Centrum Kongresow i Rekreacji Orle Gniazdo ul. Wrzosowa 28a, Szczyrk"]
[Date "1899-12-30"]
[Round "9.57"]
[White "Szewc, Dobromila"]
[Black "Guzik, Wojciech"]
[Result "1-0"]
[WhiteTitle "II"]
[BlackTitle "II+"]
[WhiteElo "1102"]
[BlackElo "1256"]

1. e4 c6 2. d4 d5 3. exd5 cxd5 4. c4 e6 5. Nc3 Nf6 6. Bg5 Nbd7 7. Nf3 h6 8. Bh4
g5 9. Bg3 Nh5 10. Be5 Nxe5 11. Nxe5 Bd6 12. Qxh5 Bxe5 13. dxe5 Bd7 14. cxd5 Qa5
15. dxe6 Bxe6 16. Qe2 Rc8 17. Qb5+ Qxb5 18. Nxb5 O-O 19. Nxa7 Rc2 20. Rb1 Rd8
21. Bb5 Rdd2 22. O-O Bf5 23. Ba4 Rc4 24. Bb3 Rg4 25. h3 Re4 26. Rbc1 g4 27. hxg4
Bxg4 28. f3 Bxf3 29. Rxf3 Ree2 30. Rg3+ Rxb2 1-0

[Event "TURNIEJ O PUCHAR UKS PALAC MLODZIEZY KATOWICE Z OKAZJI DNIA NIEPODLEGLOSCI"]
[Site "Centrum Kongresow i Rekreacji Orle Gniazdo ul. Wrzosowa 28a, Szczyrk"]
[Date "1899-12-30"]
[Round "9.58"]
[White "Skrzypczynski, Dariusz"]
[Black "Jeda, Maciej"]
[Result "0-1"]
[WhiteTitle "II"]
[BlackTitle "II"]
[WhiteElo "1254"]
[BlackElo "1137"]

1. e4 e5 2. b3 Nf6 3. f3 Nc6 4. Bb2 d6 5. Nc3 Bd7 6. Nge2 g6 7. d4 exd4 8. Nxd4
Bg7 9. Nxc6 Bxc6 10. Ne2 O-O 11. Nf4 Re8 12. Bc4 d5 13. Bd3 dxe4 14. fxe4 Nxe4
15. O-O Bxb2 16. Rb1 Bg7 17. Bxe4 Bxe4 18. Qxd8 Raxd8 19. h4 Bxc2 20. Rbc1 Bf5
21. Rxc7 Rd2 22. a4 Red8 23. Rxb7 Rb2 24. b4 Be5 25. b5 Rdd2 26. h5 Bxf4 27. Rxf4
Rxg2+ 28. Kh1 Rh2+ 29. Kg1 Rbg2+ 30. Kf1 Bd3+ 31. Ke1 Re2+ 32. Kd1 Rd2+ 33. Kc1
Rc2+ 34. Kb1 Rc7+ 35. Kc1 0-1

[Event "TURNIEJ O PUCHAR UKS PALAC MLODZIEZY KATOWICE Z OKAZJI DNIA NIEPODLEGLOSCI"]
[Site "Centrum Kongresow i Rekreacji Orle Gniazdo ul. Wrzosowa 28a, Szczyrk"]
[Date "1899-12-30"]
[Round "9.59"]
[White "Grzyb, Anna"]
[Black "Kubiak, Aleksandra"]
[Result "0-1"]
[WhiteTitle "II"]
[BlackTitle "II"]
[WhiteElo "1087"]
[BlackElo "1252"]

1. d4 f5 2. Bg5 Nf6 3. c4 e6 4. Nc3 Bb4 5. a3 Bxc3+ 6. bxc3 O-O 7. Nf3 b6 8. e3
Bb7 9. Ne5 d6 10. Nf3 Qe8 11. Bxf6 Rxf6 12. Ng5 Qg6 13. h4 h6 14. Nf3 Nd7 15.
Rh2 Rff8 16. Be2 Nf6 17. Nd2 Ne4 18. Nxe4 fxe4 19. Bg4 Qf6 20. g3 Ba6 21. Qb3
Bb7 22. c5 Bd5 23. c4 Bb7 24. cxd6 cxd6 25. d5 Qxa1+ 26. Ke2 e5 27. Be6+ Kh8 28.
Kd2 Rf3 29. Bg4 Rf6 30. Be6 Raf8 31. Ke2 Qc1 32. h5 Ba6 33. Qb4 Bxc4+ 34. Qxd6
0-1

[Event "TURNIEJ O PUCHAR UKS PALAC MLODZIEZY KATOWICE Z OKAZJI DNIA NIEPODLEGLOSCI"]
[Site "Centrum Kongresow i Rekreacji Orle Gniazdo ul. Wrzosowa 28a, Szczyrk"]
[Date "1899-12-30"]
[Round "9.60"]
[White "Gaczol, Julia"]
[Black "Mytnik, Kinga"]
[Result "1-0"]
[WhiteTitle "II"]
[BlackTitle "I"]
[WhiteElo "1060"]
[BlackElo "1241"]

1. e4 e5 2. Nf3 Nf6 3. d3 Nc6 4. Nc3 Bb4 5. Bd2 d6 6. Be2 O-O 7. O-O Bxc3 8. Bxc3
Re8 9. Qd2 d5 10. exd5 Nxd5 11. Rfe1 Nxc3 12. Qxc3 Qf6 13. Rad1 Qg6 14. d4 e4
15. Nd2 Bf5 16. d5 Ne5 17. Nc4 Ng4 1-0

[Event "TURNIEJ O PUCHAR UKS PALAC MLODZIEZY KATOWICE Z OKAZJI DNIA NIEPODLEGLOSCI"]
[Site "Centrum Kongresow i Rekreacji Orle Gniazdo ul. Wrzosowa 28a, Szczyrk"]
[Date "1899-12-30"]
[Round "9.64"]
[White "Musin, Oliwia"]
[Black "Rylski, Tadeusz"]
[Result "1-0"]
[WhiteTitle "II"]
[BlackTitle "II"]
[WhiteElo "1171"]
[BlackElo "1066"]

1. c4 e5 2. Nc3 Nf6 3. g3 Bb4 4. Bg2 Nc6 5. e3 d6 6. Nge2 Bg4 7. O-O O-O 8. a3
Ba5 9. b4 Bb6 10. Bb2 a5 11. Ne4 Nxe4 12. Bxe4 axb4 13. Bxc6 bxc6 14. axb4 Rxa1
15. Bxa1 Qf6 16. f4 exf4 17. Bxf6 fxg3 18. hxg3 gxf6 19. Rxf6 c5 20. b5 Ba5 21.
Rf4 Be6 22. d4 cxd4 23. exd4 Bxc4 24. Qc2 Bb6 25. Rh4 h5 26. Qf5 Kg7 27. Kf1 Re8
28. Rxh5 Bxe2+ 29. Kg1 Bxd4+ 30. Kg2 Bxh5 31. Qxh5 Re2+ 32. Qxe2 Kf6 33. Kf3 d5
34. Qd3 Ke5 35. Qe2+ Kd6 36. Qd3 c6 37. bxc6 Kxc6 38. Qh7 Kd6 39. Qxf7 Bf6 40.
Qxf6+ Kc7 41. Qf7+ Kd8 42. Qxd5+ Ke7 43. g4 Kf6 44. g5+ Kg6 45. Kg4 Kg7 46. Qf5
Kh8 47. g6 Kg7 48. Kg5 Kh8 49. Qf8# 1-0